Acta Curiae Episcopalis Nitriensis
Náboženský (rím. kat.) informačno-organizačný mesačník
| Korporácia: | , , , , , |
|---|---|
| Médium: | Časopis |
| Jazyk: | slovenčina latinčina |
| Fyzický popis: | 8 roč. 30 x 24 cm |
| Vydavateľské údaje: |
Nitra
Carolus Kmeťko
1940-1944
Nitra Biskupský úrad v Nitre |
| Predmet: |
MARC
| LEADER | 00000nas a22000001a 4500 | ||
|---|---|---|---|
| 001 | vtls010300985 | ||
| 003 | SK-MaSNL | ||
| 005 | 20260228162912.0 | ||
| 008 | 110810d19401949xo zr p r 0 b0slo | ||
| 015 | |a SNBDS17XX9999 | ||
| 015 | |a 0005 |2 Fedor 1939-44 | ||
| 015 | |a 0002 |2 Balúnová 1945-60 | ||
| 038 | |a SNKBUDS | ||
| 040 | |a SNK |b slo |c SNK |e AACR2 | ||
| 041 | 0 | |a slo |a lat | |
| 044 | |a xo |c SK | ||
| 080 | |a 272/273 |2 2001 | ||
| 080 | |a 070.482 |2 2001 | ||
| 080 | |a 82-97 |2 2001 | ||
| 245 | 0 | 0 | |a Acta Curiae Episcopalis Nitriensis |
| 260 | |a Nitra |b Carolus Kmeťko |c 1940-1944 | ||
| 260 | 3 | |3 1945-1949 |a Nitra |b Biskupský úrad v Nitre | |
| 300 | |a 8 roč. |c 30 x 24 cm | ||
| 310 | |a 8-10x ročne |b 1945-1949 | ||
| 321 | |a 1x mesačne |b 1940-1944 | ||
| 362 | 0 | |a Č. 1 (1940)-č. 4 (1949) | |
| 500 | |a Vych. v Nitre (mesačne); od 1945 podľa potreby 8-10x do roka vo formáte 30 x 24 cm; od 1945 32 x 24 cm, (od 1/1949) 31 x 22 cm | ||
| 500 | |a Bez red. údajov; zodp. red. od 4/1946 Karol Kmeťko; od 1/1949 Eduard Nécsey | ||
| 500 | |a (Zodp. Carolus Kmeťko); od 1945 vyd. a maj. Biskupský úrad v Nitre | ||
| 500 | |a Tlač. Kníhtlač. Štefan Huszár; od 1945 Štefan Huszár v Nitre, v č. 1-2/1947 sa neuvádza, v 3/1946 Kníhtlačiareň Spolku sv. Vojtecha v Trnave, od 4/1946 závody Pravda, záv. v Nitre, od 4/1946 Kníhtlačiareň Andrej, p. n. s. v Nitre, od 9/1946 Kníhtlačiareň Spolku sv. Vojtecha v Trnave, od č. 8/1947 Kníhtlačiareň Špendel, Vráble | ||
| 500 | |a Je pravdepodobne totožný s mesačníkom Circulares litterae Diocesis Nitriensis | ||
| 500 | |a Časopis zastavený 14. júna 1949 č. 15.504/49-III/2 - podľa zoznamu PIO - slov. čas. 1949 | ||
| 505 | 8 | 0 | |g Roč. 1940 5 čís. 37 s. (čís. 5. z mája) |
| 505 | 8 | 0 | |g Roč. 1943 9 čís. 50 s. |
| 505 | 8 | 0 | |g Roč. 1944 9 čís. 58 s. |
| 505 | 8 | 0 | |g Roč. 1945 7 čís. 44 s. |
| 505 | 8 | 0 | |g Roč. 1946 9 č. 53 s. |
| 505 | 8 | 0 | |g Roč. 1947 9 č. 56 s. |
| 505 | 8 | 0 | |g Roč. 1948 8 č. 61 s. |
| 505 | 8 | 0 | |g Roč. 1949 4 č. 24 s. |
| 520 | |a Náboženský (rím. kat.) informačno-organizačný mesačník | ||
| 546 | |a Príspevky v slovenčine a latinčine | ||
| 610 | 2 | 7 | |a Katolícka cirkev |2 SNKBUDS |9 206702 |
| 650 | 0 | 7 | |a náboženstvo |2 SNKPH |9 2023 |
| 650 | 0 | 7 | |a cirkevný život |2 SNKBUDS |9 75120 |
| 655 | 7 | |a katolícke náboženské časopisy |2 SNKBUDS |9 268945 | |
| 710 | 0 | |a Kmeťko, Karol |e vydav. |9 272449 | |
| 710 | 1 | |a Nitra (Slovensko) |b Biskupský úrad |e vydav. |9 272450 | |
| 710 | 0 | |a Huszár, Štefan (Nitra, Slovensko) |e tlač. |9 272451 | |
| 710 | 2 | |a Spolok sv. Vojtecha (Trnava, Slovensko) |9 34261 | |
| 710 | 2 | |a Tlačiarenské závody Pravda (Bratislava, Slovensko). |b Závod Nitra |9 271450 | |
| 710 | 0 | |a Špendel, Jozef (Vráble, Slovensko) |e tlač. |9 272452 | |
| 852 | |a SNK |b 10000 |h ČSB 453 | ||
| 852 | |a UKB |b 300000 |h XX B 358 | ||
| 852 | |a UKB |b 300000 |h SB 814 | ||
| 852 | |a SVKKK |b 900000 |h C 157 | ||
| 999 | |c 8528 |d 10458 | ||


